20 Acides Aminés - Statistiques

Statistiques générales
  • Ce quiz a été pris 6 402 fois
  • Le résultat moyen est 15 sur 20
Statistiques - réponses
Acides Aminés % Correct
Leucine
87%
Valine
85%
Alanine
84%
Isoleucine
84%
Glycine
80%
Méthionine
77%
Glutamine
76%
Lysine
76%
Tryptophane
76%
Phénylalanine
74%
Proline
74%
Arginine
73%
Histidine
73%
Sérine
73%
Tyrosine
73%
Cystéine
72%
Thréonine
70%
Asparagine
69%
Glutamate
64%
Aspartate
58%
Aucun quiz correspondant
Distribution des résultats
% des personnes avec chaque résultat
Percentile par nombre de réponses
Votre historique - résultats
Vous n’avez pas pris ce quiz